Laufey most at least popular song from each album - Statistics

General Stats
  • This quiz has been taken 16 times
  • The average score is 11 of 20
Answer Stats
Album Answer Streams % Correct
Bewitched From The Start 1,089,163,548
92%
A Matter Of Time Lover Girl 198,338,731
83%
Everything I Know About Love Falling Behind 512,665,314
75%
Everything I Know About Love Questions For The Universe 15,010,474
75%
The Goddess Edition Bored 104,277,146
67%
Typical Of Me I Wish You Love 146,169,127
67%
Typical Of Me James 32,603,635
67%
The Goddess Edition Trouble 22,166,627
67%
Singles Let You Break My Heart Again 398,318,453
58%
Bewitched Nocturne (Interlude) 27,110,520
58%
A Very Laufey Holiday Winter Wonderland 212,287,767
58%
The Reykjavík Sessions Let You Break My Heart Again - Live 5,836,825
50%
A Matter Of Time Seems Like Old Times - Bonus Track 6,946,309
50%
The Reykjavík Sessions Dear Soulmate - Live 2,832,759
42%
A Night At The Symphony: Live At The Hollywood Bowl Goddess - Live At The Hollywood Bowl 2,834,202
42%
Singles How I Get 10,314,761
42%
A Very Laufey Holiday Christmas Magic 3,412,380
33%
A Night At The Symphony: Live At The Hollywood Bowl It Could Happen To You - Live At The Hollywood Bowl 1,541,489
33%
A Night At The Symphony The Nearness Of You - Live At The Symphony 14,001,251
33%
A Night At The Symphony What Love Will Do To You - Live At The Symphony 4,100,648
33%
No matching quizzes found
Score Distribution
Percent of People with Each Score
Percentile by Number Answered
Your Score History
You have not taken this quiz